00737nam a2200181 a 450000100100000000500170001000800410002702000150006804000250008324500950010826000660020330000210026970000280029004900090031895201050032795201060043299900170053800003414920200930070821.0110926s2007 cl 000 0 spa d a997480082x aDO-SdBNPbspacBNPHU04aLas terapias alternativas :bequilibrio y armonía /cAlejandro Itzak y equipo editorial. aColombia :bArquetipo Grupo EditorialbLexus Editores,c2007. a360 p. ;c30 cm.1 aItzak, Alejandro959570 aBNPD 001050718MOaGRbGRcCTd2011-09-26iLF1l0o p34149-10r2020-06-25w2020-06-25y1ZNo se presta 0010507-18MOaGRbGRcOId2011-09-26iLF1l0o p34150-10r2020-06-25w2020-06-25y1ZNo se presta c33640d33640